Painting and sculpture of a decade 54-64

שמור ב:
מידע ביבליוגרפי
פורמט: ספר
שפה:אנגלית
יצא לאור: Londres The Calouste Gulbenkian Foundation 1964
מהדורה:2a. ed
נושאים:
תגים: הוספת תג
אין תגיות, היה/י הראשונ/ה לתייג את הרשומה!

MARC

LEADER 00000nam a2200000 a 4500
001 UCY1264
003 CL-VaPUC
008 940825e19640000UK |||||||||||||||||eng|d
082 0 4 |a 708  |b PAI  |2 21 
245 1 0 |a Painting and sculpture of a decade 54-64 
250 |a 2a. ed 
300 |a 276 p 
942 |c BK 
945 |d 19940825 00:00:00  |a oaravena 
260 |a Londres  |b The Calouste Gulbenkian Foundation  |c 1964 
650 0 |a Pintura moderna  |9 265600 
650 7 |a ESCULTURA MODERNA  |2 CL-VaPUC  |9 268158 
650 7 |a EXPOSICIONES SIGLO 20  |2 CL-VaPUC  |9 268877 
583 |a last modification  |c 19940825 00:00:00  |k Rodrigo Vera 
999 |c 230031  |d 230029 
952 |0 0  |1 0  |4 0  |6 708_000000000000000_PAI_1964  |7 0  |8 P  |9 231851  |a BIBARQ  |b BIBARQ  |d 2019-11-15  |i 300192K  |o 708 PAI 1964  |p 300192K  |r 2025-01-20  |w 2019-11-15  |y BK  |k ARQ